| LEADER |
00948nam0a2200229 450 |
| 001 |
16847911 |
| 010 |
|
|
|a 978-2-290-07928-7
|b br.
|d 12,5
|
| 100 |
|
|
|a 20141121d2014 u u0frey01 ba
|
| 101 |
0 |
|
|a fre
|
| 102 |
|
|
|a FR
|
| 200 |
0 |
|
|a politique pour tous (La)
|e même François Hollande
|f Josselin Bordat, Tristan Berteloot
|g illustrations et direction artistique Olivier Laude
|
| 207 |
|
1 |
|a
|
| 210 |
|
|
|a Paris
|b 27 rue Cassette.
|c J'ai Lu
|d 2014
|
| 215 |
|
|
|a 1 vol. (158 p.)
|c illustrations en noir et en couleur
|d 19 x 13 cm
|
| 225 |
1 |
|
|a J'ai lu
|i Littérature générale
|v 10642
|
| 330 |
|
|
|a Livre humoristique sur les travers des hommes et femmes politiques de tous les partis.
|
| 700 |
|
0 |
|a Bordat
|b Josselin
|4 70
|
| 701 |
|
0 |
|a Berteloot
|b Tristan
|4 70
|
| 702 |
|
0 |
|a Laude
|b Olivier
|4 440
|
| 900 |
|
|
|a Documentaire
|
| 901 |
|
|
|a Accessible au prêt
|
| 995 |
|
|
|a Bibliothèque
|c Bibliothèque
|f 00156008123200
|h 00156008123200
|k 320 BOR
|o p
|q a
|r az
|e Bibliothèque
|